Creating Business Advantages in the Information Age, (Record no. 5213)

MARC details
005 - DATE AND TIME OF LATEST TRANSACTION
control field 20250626072634.0
020 ## - INTERNATIONAL STANDARD BOOK NUMBER
International Standard Book Number 0-07-252367-0
082 ## - DEWEY DECIMAL CLASSIFICATION NUMBER
Classification number 54678APP
100 ## - MAIN ENTRY--PERSONAL NAME
Author name APPLEGATE, L. M.
245 ## - TITLE STATEMENT
Title Creating Business Advantages in the Information Age,
260 ## - PUBLICATION, DISTRIBUTION, ETC.
Place of publication, distribution, etc. New York,
Name of publisher, distributor, etc. McGraw- Hill,
Date of publication, distribution, etc. 2002.
300 ## - PHYSICAL DESCRIPTION
Extent xvi, 412p,: ill.; figure, table
Other physical details Index
Dimensions 24cm
700 ## - ADDED ENTRY--PERSONAL NAME
Other authors/Editors AUSTIN, R. D.
942 ## - ADDED ENTRY ELEMENTS (KOHA)
Source of classification or shelving scheme Dewey Decimal Classification
Koha item type Books
Holdings
Date last seen Total checkouts Full call number Barcode Cost, replacement price Price effective from Koha item type Lost status Source of classification or shelving scheme Damaged status Not for loan Withdrawn status Home library Current library Shelving location Date acquired Cost, normal purchase price
06/26/2025   658.054 APP DOM0002076 150000.00 06/26/2025 Books   Dewey Decimal Classification       CBE Dodoma CBE Dodoma General Collection 12/08/2002 50000.00
06/26/2025   658.054 APP DOM0002079 150000.00 06/26/2025 Books   Dewey Decimal Classification       CBE Dodoma CBE Dodoma General Collection 12/08/2002 50000.00
06/26/2025   658.054 APP DOM0002075 150000.00 06/26/2025 Books   Dewey Decimal Classification       CBE Dodoma CBE Dodoma General Collection 12/08/2002 50000.00
06/28/2025   658.054 APP DOM0002074 150000.00 06/28/2025 Books   Dewey Decimal Classification       CBE Dodoma CBE Dodoma General Collection 12/08/2002 50000.00